Feminist hermeneutics / (Record no. 1048)
[ view plain ]
| 000 -LEADER | |
|---|---|
| fixed length control field | 01459cam a2200385 a 4500 |
| 001 - CONTROL NUMBER | |
| control field | 13288881 |
| 003 - CONTROL NUMBER IDENTIFIER | |
| control field | GBCCL |
| 005 - DATE AND TIME OF LATEST TRANSACTION | |
| control field | 20241126110352.0 |
| 008 - FIXED-LENGTH DATA ELEMENTS--GENERAL INFORMATION | |
| fixed length control field | 030415s2002 ii a b 100 0 eng |
| 010 ## - | |
| -- | 2003307472 |
| 020 ## - INTERNATIONAL STANDARD BOOK NUMBER | |
| International Standard Book Number | 8172147104 |
| 025 ## - OVERSEAS ACQUISITION NUMBER | |
| Overseas acquisition number | I-E-2003-307472; 13; 70-13 |
| 035 ## - SYSTEM CONTROL NUMBER | |
| System control number | (DLC) 2003307472 |
| 037 ## - SOURCE OF ACQUISITION | |
| Source of stock number/acquisition | Library of Congress -- New Delhi Overseas Office |
| Terms of availability | Rs125.00 ($12.00 U.S.) |
| 040 ## - CATALOGING SOURCE | |
| Original cataloging agency | DLC |
| Transcribing agency | DLC |
| 042 ## - | |
| -- | lcode |
| 050 00 - | |
| -- | BV675 |
| -- | .F46 2001 |
| 082 ## - DEWEY DECIMAL CLASSIFICATION NUMBER | |
| Classification number | 270.082 |
| Item number | FEM |
| 111 2# - | |
| -- | Feminist Biblical Hermeneutics Workshop |
| -- | (2001 : |
| -- | Bangalore, India) |
| -- | 1820 |
| 245 10 - TITLE STATEMENT | |
| Title | Feminist hermeneutics / |
| Statement of responsibility, etc. | edited by Lalrinawmi Ralte, Evangeline Anderson-Rajkumar. |
| 260 ## - PUBLICATION, DISTRIBUTION, ETC. | |
| Place of publication, distribution, etc. | Delhi : |
| Name of publisher, distributor, etc. | IWIT/ISPCK, |
| Date of publication, distribution, etc. | 2002. |
| 300 ## - PHYSICAL DESCRIPTION | |
| Extent | 164 p. : |
| Other physical details | ill. (some col.) ; |
| Dimensions | 23 cm. |
| 504 ## - BIBLIOGRAPHY, ETC. NOTE | |
| Bibliography, etc. note | Includes bibliographical references. |
| 520 ## - SUMMARY, ETC. | |
| Summary, etc. | Papers presented at the Feminist Biblical Hermeneutics Workshop held in May 2001, Bangalore, India. |
| 650 #0 - SUBJECT ADDED ENTRY--TOPICAL TERM | |
| Topical term or geographic name entry element | Ordination of women |
| General subdivision | Christianity |
| Form subdivision | Congresses. |
| 9 (RLIN) | 1821 |
| 650 #0 - SUBJECT ADDED ENTRY--TOPICAL TERM | |
| Topical term or geographic name entry element | Women in church |
| Form subdivision | Congresses. |
| 9 (RLIN) | 1822 |
| 650 #0 - SUBJECT ADDED ENTRY--TOPICAL TERM | |
| Topical term or geographic name entry element | Women clergy |
| Form subdivision | Congresses. |
| 9 (RLIN) | 1823 |
| 700 1# - ADDED ENTRY--PERSONAL NAME | |
| Personal name | Ralte, Lalrinawmi. |
| 9 (RLIN) | 895 |
| 700 1# - ADDED ENTRY--PERSONAL NAME | |
| Personal name | Anderson-Rajkumar, Evangeline. |
| 9 (RLIN) | 1824 |
| 710 2# - ADDED ENTRY--CORPORATE NAME | |
| Corporate name or jurisdiction name as entry element | Indian Women in Theology (Bangalore, India) |
| 9 (RLIN) | 1825 |
| 710 2# - ADDED ENTRY--CORPORATE NAME | |
| Corporate name or jurisdiction name as entry element | I.S.P.C.K. (Organization) |
| 9 (RLIN) | 393 |
| 906 ## - LOCAL DATA ELEMENT F, LDF (RLIN) | |
| a | 7 |
| b | cbc |
| c | origode |
| d | 3 |
| e | ncip |
| f | 20 |
| g | y-gencatlg |
| 942 ## - ADDED ENTRY ELEMENTS (KOHA) | |
| Source of classification or shelving scheme | Dewey Decimal Classification |
| Koha item type | Books |
| Koha issues (borrowed), all copies | 7 |
| Withdrawn status | Lost status | Source of classification or shelving scheme | Damaged status | Not for loan | Home library | Current Library | Shelving location | Date acquired | Total checkouts | Total renewals | Full call number | Barcode | Date last seen | Date last checked out | Copy number | Price effective from | Koha item type |
|---|---|---|---|---|---|---|---|---|---|---|---|---|---|---|---|---|---|
| Dewey Decimal Classification | GRACE BIBLE COLLEGE | GRACE BIBLE COLLEGE | Church History | 2017-04-10 | 8 | 4 | 270.082 FEM | 009593 | 2025-10-01 | 2025-09-26 | c.1 | 2017-04-10 | Books |